Povídky /

Hlavní autor: Rais, Karel Václav, 1859-1926
Další autoři: Adam, Robert, 1971-
Jazyk: Čeština
Vydáno: Brno : Host, 2013
Vydání: V České knižnici vyd. 1.
Edice: Česká knižnice (Host)
Témata:
Externí odkaz: Digitalizovaný dokument
Fyzický popis: 516 s. ; 21 cm
Knihy
Uloženo v:
LEADER 01591cam a2200421 a 4500
001 nkc20132473918
003 CZ PrNK
005 20240712235005.0
007 ta
008 130515s2013 xr g 000 j cze d
015 |a cnb002473918 
020 |a 978-80-7294-801-7  |q (váz.) 
035 |a (OCoLC)880868191 
040 |a PNA001  |b cze  |d BOA001  |d ABA001 
072 7 |a 821.162.3-3  |x Česká próza  |2 Konspekt  |9 25 
080 |a 821.162.3-32  |2 MRF 
080 |a (0:82-32)  |2 MRF 
080 |a (082.21)  |2 MRF 
100 1 |a Rais, Karel Václav,  |d 1859-1926  |7 jk01101955  |4 aut 
245 1 0 |a Povídky /  |c Karel V. Rais ; [uspořádání, ediční příprava, komentář ... Robert Adam] 
250 |a V České knižnici vyd. 1. 
260 |a Brno :  |b Host,  |c 2013 
300 |a 516 s. ;  |c 21 cm 
490 1 |a Česká knižnice 
500 |a Terminologický slovník 
655 7 |a české povídky  |7 fd133971  |2 czenas 
655 7 |a výbory  |7 fd133853  |2 czenas 
655 9 |a Czech short stories  |2 eczenas 
655 9 |a selected works  |2 eczenas 
700 1 |a Adam, Robert,  |d 1971-  |7 skuk0000005  |4 com  |4 cwt  |4 edt 
830 0 |a Česká knižnice (Host)  |0 s 
856 4 1 |u http://www.digitalniknihovna.cz/mzk/uuid/uuid:8f86b4f0-32ee-11ef-a245-0050568d319f  |y Digitalizovaný dokument  |x NDK 
910 2 |a BOA001  |b 2-1322.578 
990 |a BK 
995 |a 01 
991 |b 201403  |c NOV  |j B-RAI  |e b 
996 6 |b 2610582809  |c 2-1322.578  |l MZK  |r Sklad / do 1 hodiny  |n 3  |p p.v.  |w 001404786  |u 000010  |a 1  |e BOA001  |j MZK50  |s P 
996 7 |b 2610582810  |c 2-1322.578  |l MZK  |r Sklad / do 1 hodiny  |n 22  |p p.v.  |w 001404786  |u 000020  |a 1  |e BOA001  |j MZK50  |s A